[Event "Treviso U2100 op"]
[Site "Treviso"]
[Date "2005.12.08"]
[Round "5.2"]
[White "Marson, Luca"]
[Black "Tomio, Dante"]
[Result "0-1"]
[WhiteElo "1972"]
[BlackElo "1831"]
[PlyCount "144"]
[EventDate "2005.12.03"]
[EventType "swiss"]
[EventRounds "5"]
[EventCountry "ITA"]
[SourceTitle "EXT 2024"]
[Source "ChessBase"]
[SourceDate "2023.10.10"]
[SourceVersion "1"]
[SourceVersionDate "2023.10.10"]
[SourceQuality "1"]

1. e4 c5 2. Nf3 d6 3. d4 cxd4 4. Nxd4 Nf6 5. Nc3 e6 6. Bc4 Be7 7. Bb3 Nc6 8. Be3 a6 9. 0-0 0-0 10. Qe2 Qc7 11. Rad1 b5 12. a3 Re8 13. f4 Nxd4 14. Bxd4 e5 15. Nd5 Nxd5 16. Bxd5 Bb7 17. Bc3 Bxd5 18. Rxd5 Rac8 19. f5 Qb6+ 20. Kh1 Qc6 21. Qg4 f6 22. Rf3 Qc4 23. Rfd3 a5 24. b3 Qc6 25. Rg3 Bf8 26. h4 b4 27. axb4 axb4 28. Bxb4 Qxc2 29. Rd1 h5 30. Qf3 Rc6 31. Qd3 Qxd3 32. Rgxd3 Rec8 33. Ba5 Rc2 34. R3d2 Rxd2 35. Rxd2 Rc1+ 36. Kh2 Re1 37. Rc2 Rxe4 38. g3 d5 39. Rc8 Kf7 40. Rc7+ Be7 41. Kg2 Re3 42. Bc3 Re4 43. Kf3 Ke8 44. Rc8+ Kd7 45. Rh8 Bc5 46. Bd2 Bb4 47. Be3 Bc3 48. Rh7 Bd4 49. Rxg7+ Ke8 50. Bh6 Re1 51. b4 Rf1+ 52. Kg2 Rxf5 53. b5 Rf2+ 54. Kh3 Rb2 55. Rb7 Bg1 56. g4 Rh2+ 57. Kg3 hxg4 58. Kxg4 d4 59. Bg7 d3 60. Bxf6 d2 61. Rb8+ Kd7 62. Kf5 Rf2+ 63. Kg6 Rxf6+ 64. Kxf6 d1Q 65. Rb7+ Kc8 66. Rf7 Bd4 67. h5 Qxh5 68. Ke6 Qg6+ 69. Rf6 Qxf6+ 70. Kxf6 e4+ 71. Ke6 e3 72. Kd5 Bb6 0-1

[Event "Treviso U2100 op"]
[Site "Treviso"]
[Date "2005.12.04"]
[Round "2.3"]
[White "Pelosin, Matteo"]
[Black "Marson, Luca"]
[Result "1/2-1/2"]
[WhiteElo "1769"]
[BlackElo "1972"]
[PlyCount "112"]
[EventDate "2005.12.03"]
[EventType "swiss"]
[EventRounds "5"]
[EventCountry "ITA"]
[SourceTitle "EXT 2024"]
[Source "ChessBase"]
[SourceDate "2023.10.10"]
[SourceVersion "1"]
[SourceVersionDate "2023.10.10"]
[SourceQuality "1"]

1. e4 c5 2. c3 d5 3. exd5 Qxd5 4. d4 Nf6 5. Nf3 Bg4 6. Be2 cxd4 7. cxd4 e6 8. Nc3 Qd8 9. Bg5 Be7 10. 0-0 0-0 11. h3 Bh5 12. g4 Bg6 13. Ne5 Nc6 14. Nxc6 bxc6 15. Rc1 h6 16. Bh4 Nd5 17. Bxe7 Qxe7 18. Bc4 Rab8 19. b3 Rfd8 20. Qf3 Nxc3 21. Qxc3 Rd6 22. Rfd1 Rbd8 23. Rd2 Qf6 24. Rcd1 c5 25. Qa5 Rxd4 26. Rxd4 cxd4 27. Qxa7 Be4 28. Rd3 Bxd3 29. Bxd3 Qf3 30. Qc7 Ra8 31. Qc2 Qxh3 32. Bh7+ Kh8 33. Be4 Qxg4+ 34. Kf1 Rd8 35. Qc7 Qh4 36. Bd3 f5 37. a4 f4 38. Qf7 Qf6 39. Qxf6 gxf6 40. a5 f5 41. b4 f3 42. a6 Rc8 43. Ke1 e5 44. Bxf5 Rb8 45. Be4 Rxb4 46. a7 Ra4 47. a8Q+ Rxa8 48. Bxa8 Kg7 49. Bxf3 Kf6 50. Kd2 Kg5 51. Kd3 Kf4 52. Bg2 h5 53. Bh1 h4 54. Bg2 h3 55. Bc6 Kf5 56. Bh1 Kf4 1/2-1/2